Normal view
MARC view
- Miller, Charles D Hungerford, Thomas W Lial, Margaret L
Entry Personal Name
001 - CONTROL NUMBER
- control field: 75696
003 - CONTROL NUMBER IDENTIFIER
- control field: NUST
005 - DATE AND TIME OF LATEST TRANSACTION
- control field: 20210628205451.0
008 - FIXED-LENGTH DATA ELEMENTS
- fixed length control field: 210628|| aca||aabn | a|a d
040 ## - CATALOGING SOURCE
- Original cataloging agency: NUST
- Transcribing agency: NUST
100 ## - HEADING--PERSONAL NAME
- Personal name: Miller, Charles D Hungerford, Thomas W Lial, Margaret L
670 ## - SOURCE DATA FOUND
- Source citation: Work cat.: (NUST): Miller, Charles D Hungerford, Thomas W Lial, Margaret L, Mathematics with application in the management natural and social sciences, 1995
